| Tag |
First Indicator |
Second Indicator |
Subfields |
| LEADER |
00000cam a2200000Ia 4500 |
| 001 |
in00001714521 |
| 005 |
20151024174828.0 |
| 008 |
020906s2002 caud bt 000 0 eng d |
| 035 |
|
|
|a (OCoLC)ocm50559191
|
| 040 |
|
|
|a CBT
|c CBT
|d TXA
|d UtOrBLW
|
| 043 |
|
|
|a n-us-ca
|
| 049 |
|
|
|a TXAM
|
| 090 |
|
|
|a TE228.A1
|b P36 no.2002-26
|
| 100 |
1 |
|
|a Ahn, Soyoung.
|
| 245 |
1 |
0 |
|a Identifying density-flow relations on arterial surface streets /
|c Soyoung Ahn, Michael J. Cassidy.
|
| 264 |
|
1 |
|a Berkeley, Calif. :
|b California PATH Program, Institute of Transportation Studies, University of California at Berkeley,
|c [2002]
|
| 300 |
|
|
|a 11; 6 unnumbered leaves :
|b illustrations, charts, plans ;
|c 28 cm.
|
| 336 |
|
|
|a text
|b txt
|2 rdacontent
|
| 337 |
|
|
|a unmediated
|b n
|2 rdamedia
|
| 338 |
|
|
|a volume
|b nc
|2 rdacarrier
|
| 490 |
1 |
|
|a California PATH research report,
|x 1055-1425 ;
|v UCB-ITS-PRR-2002-26
|
| 500 |
|
|
|a Performed in cooperation with the California Dept. of Transportation and the Federal Highway Administration.
|
| 500 |
|
|
|a "August 2002."
|
| 504 |
|
|
|a Includes bibliographical references (leaf 10).
|
| 650 |
|
0 |
|a Traffic flow
|z California
|z Oakland
|x Mathematical models.
|
| 650 |
|
0 |
|a Roads
|z California
|z Oakland
|x Interchanges and intersections.
|
| 650 |
|
0 |
|a Express highway interchanges
|z California
|z Oakland.
|
| 700 |
1 |
|
|a Cassidy, Michael J.
|
| 710 |
1 |
|
|a California.
|b Department of Transportation.
|
| 710 |
2 |
|
|a University of California, Berkeley.
|b Institute of Transportation Studies.
|
| 710 |
2 |
|
|a Partners for Advanced Transit and Highways (Calif.)
|
| 830 |
|
0 |
|a PATH research report ;
|v UCB-ITS-PRR-2002-26.
|
| 994 |
|
|
|a E0
|b TXA
|
| 948 |
|
|
|a cataloged
|b h
|c 2002/11/25
|d c
|e blrosas
|f 1:45:15 pm
|
| 999 |
|
|
|a MARS
|
| 999 |
f |
f |
|s 8950e6d4-b283-38ad-a267-cc8287236dce
|i a0ce76c4-1aeb-30c9-b373-6fb3753bc709
|t 0
|
| 952 |
f |
f |
|p ric
|a Texas A&M University
|b Rellis Campus
|c Joint Library Facility
|d Remote Storage
|t 0
|e TE228.A1 P36 no.2002-26
|h Library of Congress classification
|i unmediated -- volume
|m A14829547783
|
| 998 |
f |
f |
|a TE228.A1 P36 no.2002-26
|t 0
|l Remote Storage
|